Gestión logística integral: (Registro nro. 8959)
[ vista simple ]
| 000 -LEADER | |
|---|---|
| fixed length control field | 00883nam a2200205Ia 4500 |
| 005 - FECHA Y HORA DE LA ÚLTIMA TRANSACCIÓN | |
| control field | 20230823150244.0 |
| 008 - FIXED-LENGTH DATA ELEMENTS--GENERAL INFORMATION | |
| fixed length control field | 230814s9999 xx 000 0 und d |
| 020 ## - INTERNATIONAL STANDARD BOOK NUMBER | |
| International Standard Book Number | 978-958-771-395-4 |
| 040 ## - CATALOGING SOURCE | |
| Original cataloging agency | UPAN |
| Transcribing agency | Biblioteca San Vicente |
| Description conventions | RCAA2 |
| 041 ## - LANGUAGE CODE | |
| Language code of text/sound track or separate title | spa |
| 082 ## - DEWEY DECIMAL CLASSIFICATION NUMBER | |
| Classification number | 658.5 |
| Item number | M827g |
| año de publicación | 2016 |
| 100 ## - MAIN ENTRY--PERSONAL NAME | |
| Personal name | Mora García, Luis Aníbal |
| Relator code | aut. |
| 245 #0 - TITLE STATEMENT | |
| Title | Gestión logística integral: |
| Remainder of title | Las mejores practicas en la cadena de abastecimiento/ |
| Statement of responsibility, etc | Luis Aníbal Mora García |
| 250 ## - EDITION STATEMENT | |
| Edition statement | 2° ed. |
| 260 ## - PUBLICATION, DISTRIBUTION, ETC. (IMPRINT) | |
| Place of publication, distribution, etc | Bogotá: |
| Name of publisher, distributor, etc | ECOE, |
| Date of publication, distribution, etc | 2016 |
| 300 ## - PHYSICAL DESCRIPTION | |
| Extent | 354 p.; |
| Dimensions | 25 cm. |
| 505 ## - FORMATTED CONTENTS NOTE | |
| Formatted contents note | Capítulo 1: Gerencia de la cadena de abastecimiento<br/>Capítulo 2: Los macroprocesos en la gestión logística<br/>Capítulo 3: Costos e indicadores de la gestión logística<br/>Capítulo 4: Tendencias y proyección de la logística integral <br/> |
| 650 ## - SUBJECT ADDED ENTRY--TOPICAL TERM | |
| Source of heading or term | LEMB |
| General subdivision | Logística en los negocios |
| 942 ## - ADDED ENTRY ELEMENTS (KOHA) | |
| Koha item type | Libros |
| Source of classification or shelving scheme | Dewey Decimal Classification |
| Withdrawn status | Lost status | Source of classification or shelving scheme | Damaged status | Not for loan | Collection code | Home library | Current library | Date acquired | Total Checkouts | Full call number | Barcode | Date last seen | Copy number | Price effective from | Koha item type |
|---|---|---|---|---|---|---|---|---|---|---|---|---|---|---|---|
| Dewey Decimal Classification | Colección General | Biblioteca UPAN San Vicente | Biblioteca UPAN San Vicente | 14/08/2023 | 658.5 M827g | 12004157 | 14/08/2023 | 01 | 14/08/2023 | Libros | |||||
| Dewey Decimal Classification | Colección General | Biblioteca UPAN San Vicente | Biblioteca UPAN San Vicente | 23/08/2023 | 658.5 M827g | 12004158 | 23/08/2023 | 02 | 23/08/2023 | Libros | |||||
| Dewey Decimal Classification | Colección General | Biblioteca UPAN San Vicente | Biblioteca UPAN San Vicente | 23/08/2023 | 658.5 M827g | 12004159 | 23/08/2023 | 03 | 23/08/2023 | Libros |